| 000 | 00786nam a2200301Ia 4500 | ||
|---|---|---|---|
| 001 | 11710 | ||
| 005 | 20240113235324.0 | ||
| 007 | ta | ||
| 008 | 050923s1999 g b000 u eng u | ||
| 020 | _cRs.140.00 (PB) | ||
| 040 | _aCotton College Assam | ||
| 041 | _aeng | ||
| 082 |
_a370 _bB 288 In |
||
| 100 | _aBorua, Jatin . | ||
| 245 | 0 |
_aAn Introduction to Education: For Two-Year H.S.Course / _cJatin Borua. _hTextual Documents |
|
| 250 | _aRev.ed. / | ||
| 260 |
_aGuwahati : _bLawyer`s book stall , _c1999. |
||
| 300 |
_a667p. ; _c22cm. |
||
| 365 | _aRs.140.00 | ||
| 653 | _aEducation | ||
| 653 | _aG-Education | ||
| 942 |
_2ddc _cBK |
||
| 999 |
_c11697 _d11697 |
||